[Event "Team Championship (women rapid)"]
[Site "Sochi"]
[Date "2017.10.03"]
[Round "4.9"]
[White "Bodnaruk, Anastasia"]
[Black "Pogonina, Natalija"]
[Result "1-0"]
[LiveChessVersion "1.4.8"]
[BlackElo "2447"]
[WhiteElo "2443"]

1. e4 {[%clk 0:15:19]} e5 {[%clk 0:15:18]} 2. Nf3 {[%clk 0:15:27]} Nc6
{[%clk 0:15:26]} 3. Bb5 {[%clk 0:15:31]} Nf6 {[%clk 0:15:34]} 4. d3
{[%clk 0:15:41]} Bc5 {[%clk 0:15:41]} 5. c3 {[%clk 0:15:45]} O-O {[%clk 0:15:48]}
6. O-O {[%clk 0:15:53]} Re8 {[%clk 0:15:55]} 7. Bg5 {[%clk 0:15:57]} h6
{[%clk 0:15:57]} 8. Bh4 {[%clk 0:16:05]} a6 {[%clk 0:15:59]} 9. Ba4
{[%clk 0:16:10]} b5 {[%clk 0:16:05]} 10. Bb3 {[%clk 0:16:03]} Be7
{[%clk 0:15:10]} 11. Re1 {[%clk 0:15:47]} d6 {[%clk 0:15:17]} 12. Nbd2
{[%clk 0:15:44]} Na5 {[%clk 0:14:59]} 13. Bc2 {[%clk 0:15:50]} c5
{[%clk 0:15:06]} 14. Bxf6 {[%clk 0:14:35]} Bxf6 {[%clk 0:15:13]} 15. Nf1
{[%clk 0:14:44]} Nc6 {[%clk 0:14:54]} 16. Ne3 {[%clk 0:14:36]} Be6
{[%clk 0:13:59]} 17. Bb3 {[%clk 0:13:48]} Bg5 {[%clk 0:12:14]} 18. Nd5
{[%clk 0:12:16]} Rc8 {[%clk 0:11:27]} 19. a4 {[%clk 0:11:04]} b4 {[%clk 0:11:33]}
20. Bc4 {[%clk 0:10:05]} a5 {[%clk 0:11:20]} 21. Nxg5 {[%clk 0:09:02]} Qxg5
{[%clk 0:09:42]} 22. Re3 {[%clk 0:08:50]} Ne7 {[%clk 0:07:17]} 23. Rg3
{[%clk 0:07:49]} Qh4 {[%clk 0:07:22]} 24. Ne3 {[%clk 0:07:29]} bxc3
{[%clk 0:05:08]} 25. bxc3 {[%clk 0:07:33]} Rb8 {[%clk 0:05:14]} 26. Rb1
{[%clk 0:05:56]} Kh7 {[%clk 0:03:40]} 27. Rb5 {[%clk 0:05:25]} Rxb5
{[%clk 0:03:45]} 28. axb5 {[%clk 0:05:26]} Ng6 {[%clk 0:03:42]} 29. Bxe6
{[%clk 0:04:35]} fxe6 {[%clk 0:03:45]} 30. Nc4 {[%clk 0:03:29]} d5
{[%clk 0:03:46]} 31. Nxa5 {[%clk 0:02:28]} dxe4 {[%clk 0:03:39]} 32. dxe4
{[%clk 0:02:36]} Ra8 {[%clk 0:03:16]} 33. Nc6 {[%clk 0:02:19]} Qxe4
{[%clk 0:03:16]} 34. h3 {[%clk 0:02:05]} Ra2 {[%clk 0:02:50]} 35. Qd3
{[%clk 0:01:06]} Qf5 {[%clk 0:02:26]} 36. Qxf5 {[%clk 0:00:42]} exf5
{[%clk 0:02:34]} 37. c4 {[%clk 0:00:42]} Rb2 {[%clk 0:02:41]} 38. Na5
{[%clk 0:00:38]} Nf8 {[%clk 0:01:22]} 39. Rd3 {[%clk 0:00:36]} e4
{[%clk 0:00:44]} 40. Rd5 {[%clk 0:00:39]} f4 {[%clk 0:00:52]} 41. Re5
{[%clk 0:00:25]} f3 {[%clk 0:00:28]} 42. Rxe4 {[%clk 0:00:27]} fxg2
{[%clk 0:00:36]} 43. Kxg2 {[%clk 0:00:33]} Nd7 {[%clk 0:00:44]} 44. Re7
{[%clk 0:00:32]} Nb6 {[%clk 0:00:51]} 45. Re6 {[%clk 0:00:28]} Na4
{[%clk 0:00:52]} 46. Kg3 {[%clk 0:00:18]} Rb4 {[%clk 0:00:55]} 47. Rc6
{[%clk 0:00:24]} Rb2 {[%clk 0:00:31]} 48. f4 {[%clk 0:00:29]} Kg8
{[%clk 0:00:33]} 49. Kg4 {[%clk 0:00:17]} Kh7 {[%clk 0:00:30]} 50. Nb7
{[%clk 0:00:21]} Rb4 {[%clk 0:00:30]} 51. Nd6 {[%clk 0:00:16]} Rb3
{[%clk 0:00:30]} 52. h4 {[%clk 0:00:24]} Rb4 {[%clk 0:00:28]} 53. h5
{[%clk 0:00:32]} Rb1 {[%clk 0:00:31]} 54. Nf7 {[%clk 0:00:30]} Rg1+
{[%clk 0:00:27]} 55. Kf5 {[%clk 0:00:31]} Rh1 {[%clk 0:00:35]} 56. Kg4
{[%clk 0:00:32]} Rg1+ {[%clk 0:00:44]} 57. Kf3 {[%clk 0:00:40]} Rh1
{[%clk 0:00:53]} 58. Ne5 {[%clk 0:00:18]} Rxh5 {[%clk 0:00:54]} 59. Ra6
{[%clk 0:00:17]} Nb2 {[%clk 0:00:51]} 60. b6 {[%clk 0:00:19]} Rh3+
{[%clk 0:00:59]} 61. Ke4 {[%clk 0:00:23]} Rb3 {[%clk 0:01:05]} 62. Kd5
{[%clk 0:00:21]} h5 {[%clk 0:01:08]} 63. Kc6 {[%clk 0:00:15]} h4 {[%clk 0:01:07]}
64. b7 {[%clk 0:00:20]} h3 {[%clk 0:01:07]} 65. Ra1 {[%clk 0:00:14]} g6
{[%clk 0:00:20]} 66. Kc7 {[%clk 0:00:21]} 1-0

[Event "Team Championship (women rapid)"]
[Site "Sochi"]
[Date "2017.10.03"]
[Round "4.10"]
[White "Girya, Olga"]
[Black "Ovod, Evgenija"]
[Result "1-0"]
[LiveChessVersion "1.4.8"]
[BlackElo "2191"]
[WhiteElo "2405"]

1. d4 {[%clk 0:15:19]} d5 {[%clk 0:15:19]} 2. c4 {[%clk 0:15:27]} e6
{[%clk 0:15:28]} 3. Nc3 {[%clk 0:15:30]} Be7 {[%clk 0:15:36]} 4. Nf3
{[%clk 0:15:39]} Nf6 {[%clk 0:15:44]} 5. Bf4 {[%clk 0:15:48]} O-O
{[%clk 0:15:52]} 6. e3 {[%clk 0:15:57]} b6 {[%clk 0:16:01]} 7. Bd3
{[%clk 0:16:05]} dxc4 {[%clk 0:16:05]} 8. Bxc4 {[%clk 0:16:13]} Ba6
{[%clk 0:16:13]} 9. Qe2 {[%clk 0:15:38]} Qc8 {[%clk 0:16:22]} 10. O-O
{[%clk 0:15:24]} Bxc4 {[%clk 0:16:30]} 11. Qxc4 {[%clk 0:15:32]} c5
{[%clk 0:16:38]} 12. Rac1 {[%clk 0:15:09]} Rd8 {[%clk 0:15:49]} 13. dxc5
{[%clk 0:12:32]} Qxc5 {[%clk 0:15:22]} 14. Qe2 {[%clk 0:10:12]} Nbd7
{[%clk 0:14:24]} 15. Nb5 {[%clk 0:09:01]} Qh5 {[%clk 0:13:42]} 16. Bc7
{[%clk 0:08:41]} Rdc8 {[%clk 0:13:01]} 17. h3 {[%clk 0:06:34]} a6
{[%clk 0:09:30]} 18. Bd6 {[%clk 0:06:42]} Rxc1 {[%clk 0:07:35]} 19. Rxc1
{[%clk 0:06:50]} Bxd6 {[%clk 0:07:43]} 20. Nxd6 {[%clk 0:06:58]} Qd5
{[%clk 0:07:49]} 21. Rd1 {[%clk 0:05:13]} Qxa2 {[%clk 0:07:56]} 22. Qc2
{[%clk 0:02:46]} h6 {[%clk 0:05:53]} 23. Nc8 {[%clk 0:01:44]} Rb8
{[%clk 0:03:13]} 24. Ne5 {[%clk 0:01:45]} Rb7 {[%clk 0:02:14]} 25. Ne7+
{[%clk 0:01:26]} Kf8 {[%clk 0:02:20]} 26. Qc8+ {[%clk 0:01:33]} Kxe7
{[%clk 0:02:29]} 27. Nc6# {[%clk 0:01:42]} 1-0

[Event "Team Championship (women rapid)"]
[Site "Sochi"]
[Date "2017.10.03"]
[Round "4.11"]
[White "Belenkaya, Dina"]
[Black "Nechaeva, Marina"]
[Result "0-1"]
[LiveChessVersion "1.4.8"]
[BlackElo "2407"]
[WhiteElo "2208"]

1. e4 {[%clk 0:15:16]} c5 {[%clk 0:15:20]} 2. Nf3 {[%clk 0:15:25]} d6
{[%clk 0:15:29]} 3. Bb5+ {[%clk 0:15:30]} Nc6 {[%clk 0:15:38]} 4. O-O
{[%clk 0:15:38]} Bd7 {[%clk 0:15:47]} 5. Re1 {[%clk 0:15:45]} Nf6
{[%clk 0:15:56]} 6. c3 {[%clk 0:15:54]} a6 {[%clk 0:16:05]} 7. Bc4
{[%clk 0:16:03]} Bg4 {[%clk 0:16:13]} 8. d4 {[%clk 0:16:11]} cxd4
{[%clk 0:16:22]} 9. cxd4 {[%clk 0:16:20]} Bxf3 {[%clk 0:16:31]} 10. gxf3
{[%clk 0:16:29]} e5 {[%clk 0:16:40]} 11. Be3 {[%clk 0:16:38]} exd4
{[%clk 0:16:33]} 12. Bxd4 {[%clk 0:16:47]} g6 {[%clk 0:16:41]} 13. Be3
{[%clk 0:16:39]} Bg7 {[%clk 0:16:49]} 14. Nc3 {[%clk 0:16:43]} O-O
{[%clk 0:16:57]} 15. Bg5 {[%clk 0:16:44]} h6 {[%clk 0:15:17]} 16. Bh4
{[%clk 0:16:52]} Ne5 {[%clk 0:15:20]} 17. Be2 {[%clk 0:16:15]} g5
{[%clk 0:14:01]} 18. Bg3 {[%clk 0:16:22]} Nh5 {[%clk 0:14:09]} 19. Nd5
{[%clk 0:15:47]} Ng6 {[%clk 0:13:22]} 20. Qb3 {[%clk 0:15:03]} Rb8
{[%clk 0:12:25]} 21. Rac1 {[%clk 0:13:47]} Be5 {[%clk 0:11:01]} 22. Rc7
{[%clk 0:13:00]} Nhf4 {[%clk 0:10:00]} 23. Bxf4 {[%clk 0:11:49]} Nxf4
{[%clk 0:10:07]} 24. Rxb7 {[%clk 0:09:39]} Qa5 {[%clk 0:06:16]} 25. Kf1
{[%clk 0:07:10]} Rxb7 {[%clk 0:04:11]} 26. Qxb7 {[%clk 0:07:18]} Qxa2
{[%clk 0:02:52]} 27. Nxf4 {[%clk 0:07:06]} Bxf4 {[%clk 0:02:02]} 28. Bxa6
{[%clk 0:06:11]} Bxh2 {[%clk 0:02:09]} 29. Kg2 {[%clk 0:04:08]} Be5
{[%clk 0:02:16]} 30. b4 {[%clk 0:04:09]} Qd2 {[%clk 0:02:15]} 31. Re2
{[%clk 0:03:59]} Qf4 {[%clk 0:02:23]} 32. Qd7 {[%clk 0:03:59]} Qh2+
{[%clk 0:02:29]} 33. Kf1 {[%clk 0:03:51]} Qh1# {[%clk 0:02:37]} 0-1

[Event "Team Championship (women rapid)"]
[Site "Sochi"]
[Date "2017.10.03"]
[Round "4.12"]
[White "Kovanova, Baira"]
[Black "Styazhkina, Anna"]
[Result "1/2-1/2"]
[LiveChessVersion "1.4.8"]
[BlackElo "2225"]
[WhiteElo "2361"]

1. e4 {[%clk 0:15:17]} e5 {[%clk 0:12:40]} 2. Nf3 {[%clk 0:15:24]} Nc6
{[%clk 0:12:47]} 3. Bb5 {[%clk 0:15:32]} a6 {[%clk 0:12:43]} 4. Ba4
{[%clk 0:15:40]} Nf6 {[%clk 0:12:51]} 5. d3 {[%clk 0:15:39]} b5 {[%clk 0:12:44]}
6. Bb3 {[%clk 0:15:47]} Bc5 {[%clk 0:12:50]} 7. c3 {[%clk 0:15:51]} d6
{[%clk 0:12:39]} 8. h3 {[%clk 0:15:51]} h6 {[%clk 0:11:13]} 9. O-O
{[%clk 0:15:57]} O-O {[%clk 0:11:20]} 10. d4 {[%clk 0:15:16]} Bb6
{[%clk 0:11:17]} 11. Be3 {[%clk 0:14:51]} Rb8 {[%clk 0:10:50]} 12. Nbd2
{[%clk 0:14:28]} Qe7 {[%clk 0:10:12]} 13. Re1 {[%clk 0:12:55]} Na5
{[%clk 0:10:13]} 14. Bc2 {[%clk 0:12:56]} c5 {[%clk 0:09:55]} 15. Nf1
{[%clk 0:09:20]} Nc6 {[%clk 0:07:25]} 16. Ng3 {[%clk 0:08:00]} b4
{[%clk 0:07:07]} 17. Ba4 {[%clk 0:06:47]} Na5 {[%clk 0:04:13]} 18. dxe5
{[%clk 0:04:33]} dxe5 {[%clk 0:04:19]} 19. cxb4 {[%clk 0:03:24]} cxb4
{[%clk 0:04:27]} 20. Bxb6 {[%clk 0:02:41]} Rxb6 {[%clk 0:04:34]} 21. Nh4
{[%clk 0:02:37]} Rd8 {[%clk 0:03:56]} 22. Qf3 {[%clk 0:02:34]} Nc4
{[%clk 0:03:35]} 23. Nhf5 {[%clk 0:02:27]} Qb7 {[%clk 0:02:24]} 24. Rad1
{[%clk 0:02:07]} Rxd1 {[%clk 0:00:46]} 25. Rxd1 {[%clk 0:02:02]} Nxb2
{[%clk 0:00:17]} 26. Rd8+ {[%clk 0:02:11]} Kh7 {[%clk 0:00:26]} 27. Bb3
{[%clk 0:02:05]} Be6 {[%clk 0:00:20]} 28. Qe2 {[%clk 0:00:25]} Qc7
{[%clk 0:00:25]} 29. Rd2 {[%clk 0:00:21]} Nc4 {[%clk 0:00:28]} 30. Rc2
{[%clk 0:00:19]} Rc6 {[%clk 0:00:37]} 31. Qf3 {[%clk 0:00:15]} Na5
{[%clk 0:00:31]} 32. Rxc6 {[%clk 0:00:19]} Qxc6 {[%clk 0:00:22]} 33. Bxe6
{[%clk 0:00:20]} Qxe6 {[%clk 0:00:31]} 34. Qe2 {[%clk 0:00:18]} Nc4
{[%clk 0:00:32]} 35. Qd3 {[%clk 0:00:24]} a5 {[%clk 0:00:37]} 36. Qd8
{[%clk 0:00:30]} Qe8 {[%clk 0:00:19]} 37. Qc7 {[%clk 0:00:38]} Nd2
{[%clk 0:00:15]} 38. Qxa5 {[%clk 0:00:26]} Ndxe4 {[%clk 0:00:21]} 39. Nxe4
{[%clk 0:00:22]} Nxe4 {[%clk 0:00:28]} 40. Qxb4 {[%clk 0:00:30]} Qc6
{[%clk 0:00:20]} 41. Qb2 {[%clk 0:00:24]} Qf6 {[%clk 0:00:18]} 42. Ne3
{[%clk 0:00:31]} 1/2-1/2

[Event "Team Championship (women rapid)"]
[Site "Sochi"]
[Date "2017.10.04"]
[Round "5.1"]
[White "Ambartsumova, Karina"]
[Black "Bodnaruk, Anastasia"]
[Result "1/2-1/2"]
[LiveChessVersion "1.4.8"]
[BlackElo "2443"]
[WhiteElo "2339"]

1. d4 {[%clk 0:15:17]} Nf6 {[%clk 0:15:18]} 2. Nf3 {[%clk 0:15:22]} g6
{[%clk 0:15:27]} 3. c4 {[%clk 0:15:22]} Bg7 {[%clk 0:15:35]} 4. g3
{[%clk 0:15:30]} O-O {[%clk 0:15:43]} 5. Bg2 {[%clk 0:15:39]} d6 {[%clk 0:15:51]}
6. Nc3 {[%clk 0:15:35]} Nbd7 {[%clk 0:15:21]} 7. O-O {[%clk 0:15:25]} e5
{[%clk 0:15:27]} 8. e4 {[%clk 0:15:27]} c6 {[%clk 0:14:12]} 9. h3
{[%clk 0:14:53]} Re8 {[%clk 0:14:14]} 10. Be3 {[%clk 0:12:26]} exd4
{[%clk 0:13:39]} 11. Nxd4 {[%clk 0:12:16]} Qc7 {[%clk 0:13:41]} 12. Qc2
{[%clk 0:12:01]} a5 {[%clk 0:10:52]} 13. Rad1 {[%clk 0:10:47]} Ne5
{[%clk 0:10:43]} 14. b3 {[%clk 0:10:48]} Qe7 {[%clk 0:10:48]} 15. f4
{[%clk 0:10:14]} Ned7 {[%clk 0:10:53]} 16. Rfe1 {[%clk 0:09:44]} Qf8
{[%clk 0:09:49]} 17. Bf2 {[%clk 0:07:46]} Nc5 {[%clk 0:09:35]} 18. Qd2
{[%clk 0:07:03]} a4 {[%clk 0:05:05]} 19. b4 {[%clk 0:06:45]} Ne6 {[%clk 0:04:54]}
20. Nde2 {[%clk 0:04:23]} a3 {[%clk 0:03:45]} 21. Nc1 {[%clk 0:02:50]} h5
{[%clk 0:02:24]} 22. f5 {[%clk 0:01:23]} Bh6 {[%clk 0:01:03]} 23. Be3
{[%clk 0:00:57]} Bxe3+ {[%clk 0:01:03]} 24. Qxe3 {[%clk 0:00:42]} Ng7
{[%clk 0:00:40]} 25. Qd4 {[%clk 0:00:48]} Qe7 {[%clk 0:00:33]} 26. fxg6
{[%clk 0:00:40]} fxg6 {[%clk 0:00:39]} 27. Qxd6 {[%clk 0:00:46]} Be6
{[%clk 0:00:30]} 28. Qxe7 {[%clk 0:00:45]} Rxe7 {[%clk 0:00:39]} 29. c5
{[%clk 0:00:47]} Nd7 {[%clk 0:00:30]} 30. Rd4 {[%clk 0:00:38]} Ne5
{[%clk 0:00:31]} 31. Red1 {[%clk 0:00:41]} Rf8 {[%clk 0:00:29]} 32. Rd8
{[%clk 0:00:30]} Ne8 {[%clk 0:00:38]} 33. Nd3 {[%clk 0:00:27]} Nf3+
{[%clk 0:00:21]} 34. Kh1 {[%clk 0:00:36]} g5 {[%clk 0:00:13]} 35. Rf1
{[%clk 0:00:30]} g4 {[%clk 0:00:25]} 36. Nf4 {[%clk 0:00:36]} Bc4
{[%clk 0:00:19]} 37. Ng6 {[%clk 0:00:24]} Bxf1 {[%clk 0:00:27]} 38. Nxe7+
{[%clk 0:00:32]} Kf7 {[%clk 0:00:37]} 39. Nf5 {[%clk 0:00:33]} Bxg2+
{[%clk 0:00:35]} 40. Kxg2 {[%clk 0:00:42]} Ne1+ {[%clk 0:00:25]} 41. Kh2
{[%clk 0:00:38]} Nf3+ {[%clk 0:00:31]} 42. Kg2 {[%clk 0:00:32]} Ne1+
{[%clk 0:00:40]} 43. Kh1 {[%clk 0:00:32]} gxh3 {[%clk 0:00:45]} 44. Kh2
{[%clk 0:00:40]} Nc2 {[%clk 0:00:52]} 45. Rd7+ {[%clk 0:00:44]} Kg6
{[%clk 0:00:36]} 46. Rxb7 {[%clk 0:00:48]} Rf7 {[%clk 0:00:37]} 47. Rxf7
{[%clk 0:00:34]} Kxf7 {[%clk 0:00:46]} 48. b5 {[%clk 0:00:43]} cxb5
{[%clk 0:00:41]} 49. Nxb5 {[%clk 0:00:52]} Ke6 {[%clk 0:00:30]} 50. c6
{[%clk 0:00:42]} Nb4 {[%clk 0:00:33]} 51. Nxa3 {[%clk 0:00:34]} Nxa2
{[%clk 0:00:22]} 52. Nb5 {[%clk 0:00:27]} Nb4 {[%clk 0:00:30]} 53. c7
{[%clk 0:00:18]} Kd7 {[%clk 0:00:40]} 54. Kxh3 {[%clk 0:00:22]} Nd3
{[%clk 0:00:29]} 55. Kh4 {[%clk 0:00:18]} Nxc7 {[%clk 0:00:28]} 56. Nxc7
{[%clk 0:00:24]} Kxc7 57. Kxh5 {[%clk 0:00:27]} Kd7 {[%clk 0:00:44]} 58. Nd4
{[%clk 0:00:24]} Kd6 {[%clk 0:00:46]} 59. Nf3 {[%clk 0:00:28]} Ke6
{[%clk 0:00:42]} 60. Kg5 {[%clk 0:00:35]} Nf2 {[%clk 0:00:34]} 61. Kf4
{[%clk 0:00:37]} Nd3+ {[%clk 0:00:36]} 62. Ke3 {[%clk 0:00:42]} Nc5
{[%clk 0:00:46]} 63. g4 {[%clk 0:00:43]} Kf6 {[%clk 0:00:49]} 64. g5+
{[%clk 0:00:43]} Ke6 {[%clk 0:00:55]} 65. Kf4 {[%clk 0:00:44]} Nd3+
{[%clk 0:00:54]} 66. Ke3 {[%clk 0:00:49]} Nc5 {[%clk 0:01:03]} 67. Kd4
{[%clk 0:00:54]} Nd7 {[%clk 0:00:29]} 68. Kc4 {[%clk 0:00:41]} Nf8
{[%clk 0:00:28]} 69. Nh4 {[%clk 0:00:16]} Ke5 {[%clk 0:00:31]} 70. Kd3
{[%clk 0:00:24]} Ne6 {[%clk 0:00:24]} 71. g6 {[%clk 0:00:21]} Kf6
{[%clk 0:00:29]} 72. Kc4 {[%clk 0:00:15]} Ke5 {[%clk 0:00:28]} 73. Nf3+
{[%clk 0:00:17]} Kxe4 {[%clk 0:00:27]} 74. Ng5+ {[%clk 0:00:16]} Kf5
{[%clk 0:00:36]} 75. Nxe6 {[%clk 0:00:21]} Kxg6 {[%clk 0:00:45]} 1/2-1/2

[Event "Team Championship (women rapid)"]
[Site "Sochi"]
[Date "2017.10.04"]
[Round "5.2"]
[White "Ovod, Evgenija"]
[Black "Nebolsina, Vera"]
[Result "0-1"]
[LiveChessVersion "1.4.8"]
[BlackElo "2236"]
[WhiteElo "2191"]

1. d4 {[%clk 0:15:18]} Nf6 {[%clk 0:15:18]} 2. Bg5 {[%clk 0:15:26]} d5
{[%clk 0:15:26]} 3. e3 {[%clk 0:15:34]} c5 {[%clk 0:15:32]} 4. Bxf6
{[%clk 0:15:29]} gxf6 {[%clk 0:15:39]} 5. dxc5 {[%clk 0:15:35]} e6
{[%clk 0:15:33]} 6. c4 {[%clk 0:15:41]} dxc4 {[%clk 0:15:07]} 7. Nd2
{[%clk 0:15:49]} Nd7 {[%clk 0:13:59]} 8. Bxc4 {[%clk 0:11:31]} Nxc5
{[%clk 0:13:16]} 9. Qc2 {[%clk 0:11:19]} Bd7 {[%clk 0:11:56]} 10. b4
{[%clk 0:09:56]} Na4 {[%clk 0:11:35]} 11. Qb3 {[%clk 0:07:57]} Rg8
{[%clk 0:09:03]} 12. g3 {[%clk 0:06:05]} Rc8 {[%clk 0:07:41]} 13. Ngf3
{[%clk 0:05:46]} b5 {[%clk 0:07:36]} 14. Be2 {[%clk 0:05:13]} Nc3
{[%clk 0:05:55]} 15. Rc1 {[%clk 0:05:10]} Nd5 {[%clk 0:05:29]} 16. Rxc8
{[%clk 0:03:01]} Qxc8 {[%clk 0:05:38]} 17. a3 {[%clk 0:03:08]} f5
{[%clk 0:03:54]} 18. O-O {[%clk 0:02:44]} Bg7 {[%clk 0:04:02]} 19. e4
{[%clk 0:02:44]} Nc3 {[%clk 0:01:53]} 20. Bd3 {[%clk 0:02:53]} Bc6
{[%clk 0:01:55]} 21. exf5 {[%clk 0:02:11]} Bd5 {[%clk 0:01:57]} 22. Qc2
{[%clk 0:02:16]} Qc6 {[%clk 0:01:54]} 23. Ne1 {[%clk 0:01:09]} Ke7
{[%clk 0:01:54]} 24. Nb3 {[%clk 0:00:44]} Rd8 {[%clk 0:01:43]} 25. Nc5
{[%clk 0:00:42]} Bd4 {[%clk 0:01:17]} 26. fxe6 {[%clk 0:00:41]} fxe6
{[%clk 0:01:22]} 27. Bxh7 {[%clk 0:00:29]} Rf8 {[%clk 0:01:22]} 28. Qg6
{[%clk 0:00:20]} Ne2# {[%clk 0:01:29]} 0-1

[Event "Team Championship (women rapid)"]
[Site "Sochi"]
[Date "2017.10.04"]
[Round "5.3"]
[White "Belova, Olga"]
[Black "Belenkaya, Dina"]
[Result "0-1"]
[LiveChessVersion "1.4.8"]
[BlackElo "2208"]
[WhiteElo "2158"]

1. e4 {[%clk 0:15:17]} c6 {[%clk 0:15:15]} 2. d4 {[%clk 0:15:24]} d5
{[%clk 0:15:23]} 3. exd5 {[%clk 0:15:32]} cxd5 {[%clk 0:15:32]} 4. Bd3
{[%clk 0:15:39]} Nc6 {[%clk 0:15:40]} 5. c3 {[%clk 0:15:46]} Qc7 {[%clk 0:15:47]}
6. Na3 {[%clk 0:15:52]} a6 {[%clk 0:15:25]} 7. Ne2 {[%clk 0:15:41]} e6
{[%clk 0:14:35]} 8. Nc2 {[%clk 0:13:49]} Bd6 {[%clk 0:14:35]} 9. h3
{[%clk 0:13:57]} Nge7 {[%clk 0:14:35]} 10. O-O {[%clk 0:14:01]} Bd7
{[%clk 0:13:23]} 11. a4 {[%clk 0:13:57]} O-O {[%clk 0:12:40]} 12. b3
{[%clk 0:09:34]} Rad8 {[%clk 0:08:24]} 13. Ne3 {[%clk 0:06:31]} f5
{[%clk 0:08:04]} 14. f4 {[%clk 0:06:40]} Qb8 {[%clk 0:07:20]} 15. Ba3
{[%clk 0:03:46]} Bc7 {[%clk 0:07:29]} 16. Qd2 {[%clk 0:02:53]} Rf7
{[%clk 0:07:35]} 17. Nc2 {[%clk 0:02:56]} Kh8 {[%clk 0:06:44]} 18. Ne1
{[%clk 0:03:02]} Ng6 {[%clk 0:04:38]} 19. g3 {[%clk 0:03:11]} Be8
{[%clk 0:04:17]} 20. Nf3 {[%clk 0:03:20]} h6 {[%clk 0:04:21]} 21. Qe3
{[%clk 0:02:44]} Bd7 {[%clk 0:03:44]} 22. Ne5 {[%clk 0:02:33]} Ngxe5
{[%clk 0:03:35]} 23. fxe5 {[%clk 0:02:42]} Rg8 {[%clk 0:02:19]} 24. h4
{[%clk 0:01:28]} g5 {[%clk 0:02:07]} 25. Kh1 {[%clk 0:01:20]} Rh7
{[%clk 0:02:08]} 26. Rf2 {[%clk 0:01:15]} gxh4 {[%clk 0:01:03]} 27. gxh4
{[%clk 0:01:24]} Rg4 {[%clk 0:01:11]} 28. Rh2 {[%clk 0:01:33]} Qd8
{[%clk 0:01:14]} 29. Nf4 {[%clk 0:01:25]} h5 {[%clk 0:01:03]} 30. Be2
{[%clk 0:01:28]} Qg8 {[%clk 0:01:06]} 31. Bxg4 {[%clk 0:01:33]} hxg4
{[%clk 0:01:15]} 32. Rg1 {[%clk 0:01:25]} Be8 {[%clk 0:01:18]} 33. Bc1
{[%clk 0:00:45]} Bd8 {[%clk 0:01:26]} 34. Qg3 {[%clk 0:00:48]} b5
{[%clk 0:01:26]} 35. axb5 {[%clk 0:00:56]} axb5 {[%clk 0:01:36]} 36. Be3
{[%clk 0:01:05]} Na5 {[%clk 0:01:44]} 37. b4 {[%clk 0:00:51]} Nc4
{[%clk 0:01:53]} 38. Ng2 {[%clk 0:00:47]} Nxe3 {[%clk 0:01:51]} 39. Nxe3
{[%clk 0:00:53]} Qg7 {[%clk 0:01:55]} 40. Ra1 {[%clk 0:00:41]} Qh6
{[%clk 0:01:28]} 41. Ra8 {[%clk 0:00:46]} Rd7 {[%clk 0:01:27]} 42. Re2
{[%clk 0:00:18]} Kg7 {[%clk 0:01:08]} 43. Ng2 {[%clk 0:00:26]} Kf8
{[%clk 0:01:09]} 44. Qe3 {[%clk 0:00:23]} Qh7 {[%clk 0:01:04]} 45. Qg3
{[%clk 0:00:29]} Qh6 {[%clk 0:01:02]} 46. Qe3 {[%clk 0:00:19]} Qh7
{[%clk 0:01:08]} 47. Qf2 {[%clk 0:00:20]} Qh6 {[%clk 0:01:05]} 48. Re3
{[%clk 0:00:20]} Bg5 {[%clk 0:01:01]} 49. Re2 {[%clk 0:00:28]} Rh7
{[%clk 0:01:04]} 50. Ra6 {[%clk 0:00:22]} Bxh4 {[%clk 0:00:35]} 51. Nxh4
{[%clk 0:00:30]} Qxh4+ {[%clk 0:00:44]} 52. Qxh4 {[%clk 0:00:39]} Rxh4+
{[%clk 0:00:53]} 53. Rh2 {[%clk 0:00:46]} Rxh2+ {[%clk 0:00:47]} 54. Kxh2
{[%clk 0:00:55]} Ke7 {[%clk 0:00:47]} 55. Kg3 {[%clk 0:01:02]} Bd7
{[%clk 0:00:51]} 56. Kf4 {[%clk 0:01:12]} Ke8 {[%clk 0:00:55]} 57. Ra8+
{[%clk 0:01:01]} Ke7 {[%clk 0:01:02]} 58. Rb8 {[%clk 0:01:10]} Kf7
{[%clk 0:01:05]} 59. Rb7 {[%clk 0:00:50]} Ke7 {[%clk 0:01:13]} 60. Ra7
{[%clk 0:00:58]} Kd8 {[%clk 0:01:22]} 61. Kg5 {[%clk 0:01:07]} Kc8
{[%clk 0:01:26]} 62. Kf6 {[%clk 0:01:10]} Kd8 {[%clk 0:00:35]} 63. Ra8+
{[%clk 0:01:20]} Bc8 {[%clk 0:00:28]} 64. Ra1 {[%clk 0:01:15]} Bd7
{[%clk 0:00:26]} 65. Rh1 {[%clk 0:01:23]} Kc7 {[%clk 0:00:33]} 66. Rh7
{[%clk 0:01:32]} Kd8 {[%clk 0:00:35]} 67. Rg7 {[%clk 0:01:41]} Bc8
{[%clk 0:00:30]} 68. Kf7 {[%clk 0:01:30]} Bd7 {[%clk 0:00:35]} 69. Kf8
{[%clk 0:01:39]} Be8 {[%clk 0:00:34]} 70. Rg5 {[%clk 0:01:32]} Kd7
{[%clk 0:00:42]} 71. Kg7 {[%clk 0:01:16]} Ke7 {[%clk 0:00:45]} 72. Kh6
{[%clk 0:01:14]} Kf8 {[%clk 0:00:35]} 73. Kh7 {[%clk 0:01:22]} Bf7
{[%clk 0:00:40]} 74. Kh6 {[%clk 0:01:16]} Be8 {[%clk 0:00:37]} 75. Rg7
{[%clk 0:01:22]} Bf7 {[%clk 0:00:39]} 76. Rh7 {[%clk 0:01:27]} Bg8
{[%clk 0:00:13]} 77. Rb7 {[%clk 0:01:31]} Bf7 {[%clk 0:00:20]} 78. Rxb5
{[%clk 0:01:39]} g3 {[%clk 0:00:27]} 79. Ra5 {[%clk 0:01:43]} f4 {[%clk 0:00:36]}
80. Kg5 {[%clk 0:01:51]} f3 {[%clk 0:00:45]} 81. Kf6 {[%clk 0:01:49]} f2
{[%clk 0:00:51]} 82. Ra8+ {[%clk 0:01:28]} Be8 {[%clk 0:01:00]} 83. Kxe6
{[%clk 0:01:28]} f1=Q {[%clk 0:01:07]} 84. Kd6 {[%clk 0:01:34]} g2
{[%clk 0:00:57]} 85. e6 {[%clk 0:01:43]} Qf4+ {[%clk 0:01:06]} 86. Kc5
{[%clk 0:01:42]} Qc7+ {[%clk 0:01:10]} 0-1